00796nam a2200217 a 450000100100000000500170001000800410002702000150006804000250008310000360010824501160014426000390026030000210029949000290032070000320034970000300038183000350041104900090044695201060045599900170056100003415620200930070824.0110926s2001 es 000 0 spa d a8485840887 aDO-SdBNPbspacBNPHU1 aBarberà Gregori, Elena95957213aLa incógnita de la educación a distancia /cElena Barberà ; coordinadora Antoni Badia, Josep M. Mominó. aBarcelona :bI.C.E Horsori,c2001. a245 p. ;c22 cm.1 aCuadernos de Educación1 aBadia, Antoniecoor.9595731 aMominó, Josep M.959574 0aCuadernos de Educación97917 aBNPD 0010507-18MOaGRbGRcOId2011-09-26iLF1l0o p34156-10r2020-06-25w2020-06-25y1ZNo se presta c33647d33647